000 00812nam a2200241 i 4500
005 20260406160539.0
008 260406s2025 my a fr 000 0 eng d
020 _a9789672972822
_cRM14.90
_qhardback
040 _aPPAK
_beng
_cPPAK
_erda
082 0 4 _223
_a297.2112
090 0 0 _a297.2112
_bWHO
_dRK
245 0 0 _aWho is Allah سُبْحَانَهُ وَتَعَالَىٰ‎
264 1 _aHulu Selangor, Selangor :
_bDARUL MUGHNI TRADING,
_c[2025?]
300 _a11 pages :
_bcolour illustrations ;
_c22 cm
336 _atext
_2rdacontent
337 _aunmediated
_2rdamedia
338 _avolume
_2rdacarrier
521 1 _aFor children aged 4+.
650 1 0 _aGod (Islam)
_xAttributes
650 2 0 _aIslamic religious education
650 2 0 _aFaith (Islam)
942 _2ddc
_cB
999 _c203708
_d203708